Apuntes de construcción / (Record no. 94154)

MARC details
000 -LEADER
campo de control de longitud fija 00583nam a2200181 i 4500
001 - NÚMERO DE CONTROL
campo de control 94154
003 - IDENTIFICADOR DE NÚMERO DE CONTROL
campo de control ES-MaACL
005 - FECHA Y HORA DE LA ÚLTIMA TRANSACCIÓN
campo de control 20230906181420.0
007 - CAMPO FIJO DE DESCRIPCIÓN FÍSICA--INFORMACIÓN GENERAL
campo de control de longitud fija t|
008 - DATOS DE LONGITUD FIJA--INFORMACIÓN GENERAL
campo de control de longitud fija 050628s1951 sp ||||1| spa d
080 ## - NÚMERO DE LA CLASIFICACIÓN DECIMAL UNIVERSAL
Número de la Clasificación Decimal Universal 69(075.3)
245 00 - MENCIÓN DEL TÍTULO
Título Apuntes de construcción /
Mención de responsabilidad, etc. por Melocabo [seud.] autorizados por el profesor de la signatura.
260 ## - PUBLICACIÓN, DISTRIBUCIÓN, ETC.
Lugar de publicación, distribución, etc. Madrid :
Nombre del editor, distribuidor, etc. [s.n.,
Fecha de publicación, distribución, etc. 1951?] (
Fabricante Lit. E. Nieto)
300 ## - DESCRIPCIÓN FÍSICA
Extensión 248 p., 11 lám. ;
Dimensiones 22 cm.
500 ## - NOTA GENERAL
Nota general Ed. litograda.
500 ## - NOTA GENERAL
Nota general Precede al tit.: Escuela de Peritos Industriales de Madrid.
852 ## - LOCALIZACIÓN
Ubicación ES-MaACL
Número de control de estantería D-5872
Sublocalización o colección R.31266
Holdings
Estatus retirado Estado de pérdida Estado de daño No para préstamo Biblioteca de origen Biblioteca actual Ubicación en estantería Fecha de adquisición Fuente de adquisición Total de préstamos Signatura topográfica completa Código de barras Visto por última vez Precio de reemplazo Tipo de ítem Koha
        Biblioteca del Ateneo de Madrid Biblioteca del Ateneo de Madrid Sala Valle Inclán 17/01/2008     D-5872 901098340 23/02/2023 23/02/2023 Libro impreso